000 00884nam a2200205 u 4500
001 000390243
003 AM-YeHGA
005 20250617132252.0
008 041201s1985 ||||||||||||||||||||rus d
040 _aAM-YeHGA
041 0 _arus
100 1 _aГерасимов, Владимир Михайлович.
245 1 0 _aБудапешт, площадь Москвы /
_cВладимир Герасимов, Галина Герасимова ; Худ. В.И. Харламов.
260 _aМосква :
_bСоветская Россия,
_c1985.
300 _a205 с.
650 1 4 _aПолитическая, экономическая и культурная жизнь отдельных стран и местностей
700 1 _aГерасимова, Галина Александровна.
700 1 _aХарламов, В.И.
_eхуд.
_4art
090 _c149546
999 _c148159
_d148159